Nursing research : (Record no. 4923)

000 -LEADER
fixed length control field 00816pam a2200265 a 4500
003 - CONTROL NUMBER IDENTIFIER
control field ALUPE UNIVERSITY
005 - DATE AND TIME OF LATEST TRANSACTION
control field 20220331075058.0
008 - FIXED-LENGTH DATA ELEMENTS--GENERAL INFORMATION
fixed length control field 860421s1987 paua b 001 0 eng c
020 ## - INTERNATIONAL STANDARD BOOK NUMBER
International Standard Book Number 0397546319
040 ## - CATALOGING SOURCE
Transcribing agency ALUPE UNIVERSITY
050 10 - LIBRARY OF CONGRESS CALL NUMBER
Classification number RT81.5
Item number .P65 1987
060 ## - NATIONAL LIBRARY OF MEDICINE CALL NUMBER
Classification number WY 20.5 P769n
100 2# - MAIN ENTRY--PERSONAL NAME
Personal name Polit, Denise F.
245 10 - TITLE STATEMENT
Title Nursing research :
Remainder of title principles and methods /
Statement of responsibility, etc. Denise F. Polit, Bernadette P. Hungler.
250 ## - EDITION STATEMENT
Edition statement 3rd ed.
260 ## - PUBLICATION, DISTRIBUTION, ETC.
Place of publication, distribution, etc. Philadelphia :
Name of publisher, distributor, etc. Lippincott,
Date of publication, distribution, etc. c1987.
300 ## - PHYSICAL DESCRIPTION
Extent xvii, 571 p. :
Other physical details ill. ;
Dimensions 25 cm.
504 ## - BIBLIOGRAPHY, ETC. NOTE
Bibliography, etc. note Includes bibliographies and index.
650 #0 - SUBJECT ADDED ENTRY--TOPICAL TERM
Topical term or geographic name entry element Nursing
General subdivision Research
-- Methodology.
650 #2 - SUBJECT ADDED ENTRY--TOPICAL TERM
Topical term or geographic name entry element Nursing.
650 #2 - SUBJECT ADDED ENTRY--TOPICAL TERM
Topical term or geographic name entry element Research.
700 1# - ADDED ENTRY--PERSONAL NAME
Personal name Hungler, Bernadette P.
906 ## - LOCAL DATA ELEMENT F, LDF (RLIN)
a 7
b cbc
c orignew
d 1
e ocip
f 19
g y-gencatlg
942 ## - ADDED ENTRY ELEMENTS (KOHA)
Source of classification or shelving scheme
Koha item type Book
Holdings
Withdrawn status Lost status Source of classification or shelving scheme Damaged status Not for loan Permanent Location Current Location Shelving location Date acquired Source of acquisition Total Checkouts Full call number Barcode Date last seen Price effective from Koha item type Public note
          AU LIBRARY AU LIBRARY Open Shelf 31.03.2022 DONATION FROM MOI UNIVERSITY   RT81.5 .P65 1987 28011824 31.03.2022 31.03.2022 Book WO

Powered by Koha